| 000 | 00531nam a2200145Ia 4500 | ||
|---|---|---|---|
| 008 | 150610s9999 xx 000 0 und d | ||
| 020 | _a9710869213 | ||
| 050 |
_aPE1128 _b.T434 2008 |
||
| 100 | _aTejero, Erlinda Galero | ||
| 245 |
_aDoorways to English language proficiency : _ba self- improvement program / _cErlinda Galero-Tejero. |
||
| 260 |
_aMandaluyong City : _bNational Book Store, _c2008. |
||
| 300 |
_a340pages ; _c23 cm. |
||
| 520 | _aEnglish language. | ||
| 650 |
_aTextbooks for foreign speakers _xEnglish language. |
||
| 999 |
_c288206 _d288206 |
||